000 00627nam a2200181 i 4500
001 31773
003 ES-MaACL
005 20230906154436.0
007 t|
008 030130s1943 sp ||||1| spa d
100 1 _aBaumgarten, Franziska.
_926595
245 1 3 _aEl trabajo del hombre
_b: = (Die arbeit des menochen) /
_cFranziska Baumgarten ; traducción directa del alemán pr Gitta Stoetter.
260 _aMadrid :
_bInstituto Nacional de Psicotecnia,
_c1943 (
_fS. Aguirre)
300 _a96 p. ;
_c20 cm.
700 1 _aStoetter, Gitta.
_9108268
740 4 _aDie arbeit des menochen.
852 _aES-MaACL
_jE-1174
_bR.22433
999 _c31773
_d31773